| 000 | 00546pab a2200193 454500 | ||
|---|---|---|---|
| 008 | 180718b2013 xxu||||| |||| 00| 0 eng d | ||
| 100 | _aKarunakaran, N. | ||
| 245 | _aChange in cropping pattern and food security: A challenge to poor population: A Kerala experience | ||
| 260 | _c2013 | ||
| 300 | _ap.48-58. | ||
| 362 | _aJan-Mar | ||
| 650 | _aCrops - India - Kerala | ||
| 650 | _aPoverty - India - Kerala | ||
| 650 | _aFood supply - India - Kerala | ||
| 650 | _aFood supply | ||
| 773 | _aSocial Action | ||
| 908 | _aN | ||
| 909 | _a98802 | ||
| 999 |
_c98801 _d98801 |
||